Regions of the Northwest Territories - Statistics

General Stats
  • This quiz has been taken 19 times
  • The average score is 3 of 6
Answer Stats
Region Population % Correct
Dehcho 3,194
67%
Sahtu 2,505
67%
Yellowknife 23,209
67%
Beaufort Delta 6,525
33%
Tlicho 2,908
33%
South Slave 6,631
22%
No matching quizzes found
Score Distribution
Percent of People with Each Score
Percentile by Number Answered
Your Score History
You have not taken this quiz